Normal view MARC view
  • Antignac, T.

Entry Nombre Personal

Number of records used in: 1

001 - NUMERO DE CONTROL

  • campo de control: 53065

003 - IDENTIFICADOR DE NUMERO DE CONTROL

  • campo de control: MX-MxUPN

005 - FECHA Y HORA DE LA ÜLTIMA TRANSACCIÓN

  • campo de control: 20240816110133.0

008 - DATOS DE LONGITUD FIJA

  • campo de control de longitud fija: 240816|| acn||aabn | aaa d

040 ## - FUENTE DE CATALOGACIÓN

  • Agencia original de catalogación: MX-MxUPN
  • Lenguaje de catalogación: spa
  • Agencia de transcripción: MX-MxUPN

100 1# - ENCABEZAMIENTO - NOMBRE PERSONAL

  • Nombre personal: Antignac, T.

370 ## - LUGAR ASOCIADO

  • Other associated place: Barcelona

373 ## - GRUPO ASOCIADO

  • Associated group: Escuela Berlitz

374 ## - OCUPACIÓN

  • Occupation: Profesor

670 ## - FUENTE EN LA QUE SE LOCALIZARON DATOS

  • Cita de la fuente: Alcalá-Zamora, P. Lecciones gráficas en español-francés : enseñanza por la imagen, 1908 :
  • Información localizada: portada (texto francés por T. Antignac profesor de la Escuela Berlitz de Barcelona)

902 ## - CATALOGADOR

  • Catalogador: MaríaRobles/160824